[Event "Menorca op 3rd"]
[Site "Ciutadella de Menorca"]
[Date "2024.04.07"]
[Round "9"]
[White "Aravindh, Chithambaram VR"]
[Black "Yuffa, Daniil"]
[Result "1/2-1/2"]
[WhiteElo "2662"]
[BlackElo "2607"]
[PlyCount "23"]
[EventDate "2024.04.02"]
[EventType "swiss"]
[EventRounds "9"]
[EventCountry "ESP"]
[SourceTitle "CB15_2024"]
[SourceDate "2024.04.10"]
[SourceVersion "1"]
[SourceVersionDate "2024.04.10"]
[SourceQuality "1"]

1. e4 c5 2. c3 d5 3. exd5 Nf6 4. Qa4+ Nbd7 5. Qb3 a6 6. c4 Ne5 7. Be2 e6 8. Nf3 Bd6 9. 0-0 exd5 10. cxd5 0-0 11. d4 cxd4 12. Nxd4 1/2-1/2

[Event "San Vicente op 8th"]
[Site "San Vicente"]
[Date "2024.04.01"]
[Round "9"]
[White "Yuffa, Daniil"]
[Black "Piorun, Kacper"]
[Result "1/2-1/2"]
[WhiteElo "2606"]
[BlackElo "2599"]
[PlyCount "69"]
[EventDate "2024.03.27"]
[EventType "swiss"]
[EventRounds "9"]
[EventCountry "ESP"]
[SourceTitle "CB14_2024"]
[SourceDate "2024.04.01"]
[SourceVersion "1"]
[SourceVersionDate "2024.04.01"]
[SourceQuality "1"]

1. c4 e5 2. g3 d6 3. Nc3 f5 4. d4 Be7 5. Bh3 c6 6. e4 exd4 7. Qxd4 Bf6 8. Qd3 Bxc3+ 9. Qxc3 Nf6 10. exf5 0-0 11. Ne2 Ne4 12. Qd4 Bxf5 13. Bxf5 Qa5+ 14. Nc3 Rxf5 15. 0-0 Nxc3 16. bxc3 d5 17. Qg4 Rf8 18. Rb1 Qc7 19. Bf4 Qf7 20. Bd6 Re8 21. Rfd1 dxc4 22. Ba3 h5 23. Qh3 b6 24. Rd4 Na6 25. Rd7 Qg6 26. Rbd1 Re2 27. Qh4 Re4 28. f4 Nc5 29. Bxc5 bxc5 30. Qg5 Qxg5 31. fxg5 Rg4 32. Rd8+ Rxd8 33. Rxd8+ Kh7 34. Rd7 Rxg5 35. Rxa7 1/2-1/2

[Event "San Vicente op 8th"]
[Site "San Vicente"]
[Date "2024.03.31"]
[Round "8"]
[White "Muthaiah, Al"]
[Black "Yuffa, Daniil"]
[Result "1/2-1/2"]
[WhiteElo "2454"]
[BlackElo "2606"]
[PlyCount "127"]
[EventDate "2024.03.27"]
[EventType "swiss"]
[EventRounds "9"]
[EventCountry "ESP"]
[SourceTitle "CB14_2024"]
[SourceDate "2024.04.01"]
[SourceVersion "1"]
[SourceVersionDate "2024.04.01"]
[SourceQuality "1"]

1. d4 Nf6 2. Nf3 d5 3. Bf4 c5 4. e3 Nc6 5. Nbd2 e6 6. c3 Be7 7. h3 Bd6 8. dxc5 Bxc5 9. Bd3 0-0 10. 0-0 h6 11. e4 Bd7 12. exd5 exd5 13. Nb3 Bb6 14. Re1 Re8 15. Nbd4 Ne4 16. Qb3 Qf6 17. Be3 Rad8 18. Qc2 Qg6 19. Nxc6 bxc6 20. Nh4 Qf6 21. Bxb6 axb6 22. Bxe4 dxe4 23. Rxe4 g5 24. Rxe8+ Rxe8 25. Nf3 Bxh3 26. Re1 Rd8 27. Rd1 Re8 28. Re1 Rd8 29. Rd1 Ra8 30. Qe4 Bf5 31. Qd4 Qxd4 32. Nxd4 Bd7 33. Nf3 Be8 34. a3 f6 35. Rd6 Kf7 36. Nd4 Rc8 37. g4 Rc7 38. Nf5 h5 39. gxh5 Bd7 40. Ng3 Ke7 41. Rd1 Be6 42. f3 Rc8 43. Kf2 Rg8 44. Rh1 Kf7 45. Ne4 Rd8 46. h6 Kg6 47. h7 Rh8 48. Nd6 Rxh7 49. Rxh7 Kxh7 50. c4 c5 51. b4 cxb4 52. axb4 Kg6 53. b5 f5 54. c5 bxc5 55. b6 Bd5 56. b7 Bxb7 57. Nxb7 c4 58. Nc5 c3 59. Ke3 Kh5 60. Kd3 g4 61. fxg4+ fxg4 62. Ne4 g3 63. Nxg3+ Kg4 64. Kxc3 1/2-1/2

[Event "Bundesliga 2324"]
[Site "Germany"]
[Date "2024.02.03"]
[Round "7.7"]
[White "Yuffa, Daniil"]
[Black "L'Ami, Erwin"]
[Result "1/2-1/2"]
[WhiteElo "2606"]
[BlackElo "2627"]
[PlyCount "93"]
[EventDate "2023.10.21"]
[EventType "team-tourn"]
[EventRounds "15"]
[EventCountry "GER"]
[SourceTitle "CB06_2024"]
[SourceDate "2024.02.07"]
[SourceVersion "1"]
[SourceVersionDate "2024.02.07"]
[SourceQuality "1"]
[WhiteTeam "Kiel Turm"]
[BlackTeam "Solingen"]
[WhiteTeamCountry "GER"]
[BlackTeamCountry "GER"]

1. d4 d5 2. c4 e6 3. Nf3 Nf6 4. Nc3 Bb4 5. cxd5 exd5 6. Bf4 Ne4 7. Rc1 Nd7 8. e3 g5 9. Be5 0-0 10. Qb3 Bxc3+ 11. bxc3 Nb6 12. Bd3 Bf5 13. h4 f6 14. Bh2 g4 15. Bxe4 Bxe4 16. Nd2 Bd3 17. f3 Qd7 18. Kf2 Kh8 19. Bf4 h5 20. Qd1 Rg8 21. Nb3 Bh7 22. Nd2 Na4 23. Qb3 c5 24. Nf1 Rae8 25. Ng3 Re6 26. Nxh5 gxf3 27. gxf3 Rb6 28. Nxf6 Rxb3 29. axb3 Qb5 30. Be5 Nb2 31. Nd7+ Rg7 32. Nxc5 b6 33. Rcg1 bxc5 34. Bxg7+ Kg8 35. Bh6+ Kh8 36. Bg7+ Kg8 37. Bh6+ Kf7 38. Rg7+ Kf6 39. Rxh7 Nd3+ 40. Kg2 Qxb3 41. Bg5+ Kg6 42. Rh6+ Kg7 43. Rf6 Qb2+ 44. Kg3 Qb8+ 45. Kg2 Qb2+ 46. Kg3 Qb8+ 47. Kg2 1/2-1/2

[Event "EU-ch Blitz"]
[Site "Zagreb"]
[Date "2023.12.16"]
[Round "9"]
[White "Matanovic, Luka"]
[Black "Yuffa, Daniil"]
[Result "0-1"]
[WhiteElo "2194"]
[BlackElo "2590"]
[PlyCount "98"]
[EventDate "2023.12.16"]
[EventType "swiss (blitz)"]
[EventRounds "13"]
[EventCountry "CRO"]
[SourceTitle "CB51_2023"]
[SourceDate "2023.12.20"]
[SourceVersion "1"]
[SourceVersionDate "2023.12.20"]
[SourceQuality "1"]

1. e4 Nf6 2. e5 Nd5 3. d4 d6 4. c4 Nb6 5. exd6 exd6 6. Nc3 Be7 7. Be3 0-0 8. Rc1 c6 9. b3 Na6 10. Be2 Nc7 11. Nf3 d5 12. c5 Nd7 13. 0-0 Re8 14. Qd2 Bf6 15. Bd3 Nf8 16. h3 g6 17. b4 Nce6 18. a4 Ng7 19. g4 h5 20. Nh2 hxg4 21. hxg4 Nfe6 22. Ne2 Ng5 23. f3 Qe7 24. Bf2 Nh3+ 25. Kg2 Nxf2 26. Rxf2 Ne6 27. Bb1 Bh4 28. Ng3 Nf4+ 29. Qxf4 Bg5 30. Qd6 Bxc1 31. Qxe7 Rxe7 32. Nhf1 Bf4 33. b5 Bd7 34. Bd3 Rae8 35. Rb2 Bc8 36. Ne2 Bc7 37. Nfg3 f5 38. gxf5 gxf5 39. Kf1 f4 40. Nf5 Bxf5 41. Bxf5 Kg7 42. bxc6 bxc6 43. Rb7 Rxe2 44. Rxc7+ Kf6 45. Bd3 R2e3 46. Rxc6+ Kg5 47. Rg6+ Kh5 48. Bf5 Re1+ 49. Kg2 R8e2+ 0-1

[Event "EU-ch Rapid"]
[Site "Zagreb"]
[Date "2023.12.15"]
[Round "8"]
[White "Jakovljevic, Vlado"]
[Black "Yuffa, Daniil"]
[Result "0-1"]
[WhiteElo "2364"]
[BlackElo "2590"]
[PlyCount "76"]
[EventDate "2023.12.14"]
[EventType "swiss (rapid)"]
[EventRounds "11"]
[EventCountry "CRO"]
[SourceTitle "CB51_2023"]
[SourceDate "2023.12.20"]
[SourceVersion "1"]
[SourceVersionDate "2023.12.20"]
[SourceQuality "1"]

1. Nf3 Nf6 2. c4 g6 3. d4 Bg7 4. g3 0-0 5. Bg2 d6 6. Nc3 Nc6 7. 0-0 Bf5 8. d5 Na5 9. Nd2 c5 10. e4 Bd7 11. Qc2 a6 12. Rb1 b5 13. b3 Rb8 14. Bb2 e5 15. Ne2 h5 16. h3 h4 17. f4 Nh5 18. fxe5 Qg5 19. gxh4 Qe3+ 20. Rf2 bxc4 21. Qc3 Qxc3 22. Bxc3 cxb3 23. Bxa5 bxa2 24. Ra1 Rb2 25. Nc4 Rb1+ 26. Rf1 Bb5 27. Raxb1 axb1Q 28. Rxb1 Bxc4 29. exd6 Bxe2 30. d7 Bd4+ 31. Kh2 Bf6 32. Re1 Bb5 33. e5 Bxh4 34. e6 Bxe1 35. Bxe1 Bxd7 36. exd7 Rd8 37. Bf2 Rxd7 38. Bxc5 Nf4 0-1

[Event "EU-ch Rapid"]
[Site "Zagreb"]
[Date "2023.12.15"]
[Round "11"]
[White "Yuffa, Daniil"]
[Black "Hjartarson, Johann"]
[Result "1-0"]
[WhiteElo "2590"]
[BlackElo "2460"]
[PlyCount "127"]
[EventDate "2023.12.14"]
[EventType "swiss (rapid)"]
[EventRounds "11"]
[EventCountry "CRO"]
[SourceTitle "CB51_2023"]
[SourceDate "2023.12.20"]
[SourceVersion "1"]
[SourceVersionDate "2023.12.20"]
[SourceQuality "1"]

1. d4 Nf6 2. c4 e6 3. g3 c5 4. d5 exd5 5. cxd5 d6 6. Nc3 g6 7. Bg2 Bg7 8. Nf3 0-0 9. 0-0 Re8 10. Bf4 a6 11. a4 Nh5 12. Bg5 Qc7 13. Re1 h6 14. Bd2 Nd7 15. e4 Rb8 16. Rc1 b5 17. axb5 axb5 18. b4 Ba6 19. Qb3 Qb7 20. g4 Nhf6 21. h3 Rbc8 22. Bf1 c4 23. Qa2 h5 24. g5 Nh7 25. Be3 Ra8 26. Qd2 Bxc3 27. Qxc3 Rxe4 28. Bg2 Ree8 29. Bf4 Nb6 30. Qd4 Qc7 31. Nd2 Bb7 32. Nb1 Na4 33. Bd2 Qb6 34. Qxb6 Nxb6 35. Nc3 Ba6 36. Rxe8+ Rxe8 37. Ra1 Ra8 38. Be3 Na4 39. Ne4 Rd8 40. Bf4 c3 41. h4 Bc8 42. Nxd6 Bd7 43. Rc1 f6 44. Be3 fxg5 45. hxg5 h4 46. Nb7 Rc8 47. Nc5 Bf5 48. d6 c2 49. Bd5+ Kf8 50. d7 Rd8 51. Ne6+ Ke7 52. Nxd8 Kxd8 53. Bb3 Nc3 54. Bxc2 Ne2+ 55. Kh2 Nxc1 56. Bxf5 gxf5 57. g6 Nf6 58. Bxc1 Kxd7 59. Kh3 Ke6 60. Kxh4 Nd5 61. Bd2 Nf6 62. Kg5 Ne4+ 63. Kh6 Ke7 64. f3 1-0

[Event "EU-ch Rapid"]
[Site "Zagreb"]
[Date "2023.12.14"]
[Round "1"]
[White "Gakic, Miodrag"]
[Black "Yuffa, Daniil"]
[Result "0-1"]
[WhiteElo "1915"]
[BlackElo "2590"]
[PlyCount "84"]
[EventDate "2023.12.14"]
[EventType "swiss (rapid)"]
[EventRounds "11"]
[EventCountry "CRO"]
[SourceTitle "CB51_2023"]
[SourceDate "2023.12.20"]
[SourceVersion "1"]
[SourceVersionDate "2023.12.20"]
[SourceQuality "1"]

1. e4 c5 2. Nf3 Nc6 3. d4 cxd4 4. Nxd4 e5 5. Nb5 d6 6. N1c3 a6 7. Na3 b5 8. Nd5 Nge7 9. Be3 Nxd5 10. exd5 Ne7 11. c4 Nf5 12. Bd3 Nxe3 13. fxe3 e4 14. Be2 Qg5 15. 0-0 Qxe3+ 16. Kh1 Be7 17. Nc2 Qh6 18. cxb5 0-0 19. Qd4 Bf6 20. Qe3 Qxe3 21. Nxe3 axb5 22. Rxf6 gxf6 23. Bxb5 Ba6 24. Bc6 Rab8 25. b3 Rb4 26. Nc2 Rb6 27. Nd4 Bd3 28. a3 Rfb8 29. b4 Ra6 30. b5 Ra4 31. Nf5 h5 32. Kg1 Kh7 33. b6 Ra5 34. b7 Kg6 35. Nxd6 f5 36. Ne8 Ba6 37. Nd6 e3 38. a4 Kf6 39. Rb1 Rc5 40. Nb5 Bxb7 41. Bxb7 Rxb7 42. d6 f4 0-1

[Event "Sant Boi de Llobregat op 4th"]
[Site "Sant Boi de Llobregat"]
[Date "2023.11.30"]
[Round "1"]
[White "Yuffa, Daniil"]
[Black "Formento, Paolo"]
[Result "1-0"]
[WhiteElo "2590"]
[BlackElo "2343"]
[PlyCount "29"]
[EventDate "2023.11.30"]
[EventType "swiss"]
[EventRounds "9"]
[EventCountry "ESP"]
[SourceTitle "CB50_2023"]
[SourceDate "2023.12.13"]
[SourceVersion "1"]
[SourceVersionDate "2023.12.13"]
[SourceQuality "1"]

1. e4 c5 2. Nf3 e6 3. c3 d5 4. e5 Nc6 5. d4 Bd7 6. Be2 Nge7 7. Na3 cxd4 8. cxd4 Nf5 9. Nc2 Be7 10. 0-0 0-0 11. Bd3 Qb6 12. g4 Nh4 13. Nxh4 Bxh4 14. g5 f6 15. Qh5 1-0

[Event "EU-chT 24th"]
[Site "Budva"]
[Date "2023.11.20"]
[Round "9.8"]
[White "Lupulescu, Constantin"]
[Black "Yuffa, Daniil"]
[Result "1-0"]
[WhiteElo "2582"]
[BlackElo "2600"]
[PlyCount "127"]
[EventDate "2023.11.11"]
[EventType "team-swiss"]
[EventRounds "9"]
[EventCountry "MNE"]
[SourceTitle "CB47_2023"]
[SourceDate "2023.11.22"]
[SourceVersion "1"]
[SourceVersionDate "2023.11.22"]
[SourceQuality "1"]
[WhiteTeam "Romania"]
[BlackTeam "Spain"]
[WhiteTeamCountry "ROU"]
[BlackTeamCountry "ESP"]

1. e4 c5 2. Nf3 d6 3. d4 cxd4 4. Nxd4 Nf6 5. Nc3 a6 6. Be3 Ng4 7. Bc1 Nf6 8. Be3 Ng4 9. Bg5 h6 10. Bh4 g5 11. Bg3 Nc6 12. Nxc6 bxc6 13. Be2 Ne5 14. Bxe5 dxe5 15. Qxd8+ Kxd8 16. Bh5 f6 17. 0-0-0+ Kc7 18. Na4 e6 19. Rd3 Be7 20. Rhd1 Rb8 21. b3 Rf8 22. R1d2 Rb4 23. c4 a5 24. Kc2 Rb8 25. h3 Rb4 26. Rd1 Rb8 27. R3d2 Bb4 28. Rd3 Be7 29. Kb2 Rb4 30. R3d2 Rxa4 31. bxa4 Bc5 32. Kb3 Bd4 33. Rxd4 exd4 34. Rxd4 Kb6 35. Kc3 Kc5 36. Bg4 Re8 37. Rd2 Ba6 38. Be2 Rb8 39. Rd7 Rb1 40. Ra7 Bxc4 41. Bxc4 Rc1+ 42. Kb3 Rxc4 43. Rxa5+ Kd4 44. Ra8 Rc1 45. Rf8 c5 46. Rd8+ Kxe4 47. a5 Rb1+ 48. Kc4 Rb4+ 49. Kxc5 Ra4 50. Rd2 Rxa5+ 51. Kb4 Ra8 52. a4 f5 53. a5 e5 54. Kb5 f4 55. a6 Kf5 56. f3 h5 57. Kb6 g4 58. hxg4+ hxg4 59. Kb7 Re8 60. a7 Kg5 61. a8Q Rxa8 62. Kxa8 Kh4 63. Rd5 Kg3 64. fxg4 1-0

[Event "EU-chT 24th"]
[Site "Budva"]
[Date "2023.11.17"]
[Round "6.4"]
[White "Heimisson, Hilmir Freyr"]
[Black "Yuffa, Daniil"]
[Result "0-1"]
[WhiteElo "2377"]
[BlackElo "2600"]
[PlyCount "76"]
[EventDate "2023.11.11"]
[EventType "team-swiss"]
[EventRounds "9"]
[EventCountry "MNE"]
[SourceTitle "CB47_2023"]
[SourceDate "2023.11.22"]
[SourceVersion "1"]
[SourceVersionDate "2023.11.22"]
[SourceQuality "1"]
[WhiteTeam "Iceland"]
[BlackTeam "Spain"]
[WhiteTeamCountry "ISL"]
[BlackTeamCountry "ESP"]

1. e4 c5 2. Nf3 d6 3. d4 cxd4 4. Nxd4 Nf6 5. Nc3 a6 6. Rg1 e5 7. Nb3 h5 8. Be3 Be6 9. h3 Nbd7 10. Qd2 b5 11. f3 Be7 12. 0-0-0 Nb6 13. Qf2 Nfd7 14. Kb1 Rc8 15. Nd5 Bxd5 16. exd5 Nc4 17. g4 Bh4 18. Qe2 Ndb6 19. Bc1 Na4 20. Ka1 hxg4 21. hxg4 g6 22. g5 Kf8 23. Rh1 Kg7 24. Qg2 Qb6 25. Qg4 Naxb2 26. Bxb2 Ne3 27. Qe4 Nxd1 28. Rxh4 Rxh4 29. Qxh4 Qg1 30. Qh6+ Kg8 31. Nd2 Ne3 32. Bc1 Nxc2+ 33. Kb1 Qd4 34. Nb3 Qd1 35. Qh3 Rc7 36. Kb2 Nd4 37. Be3 Rc2+ 38. Ka3 Rxa2+ 0-1

[Event "EU-chT 24th"]
[Site "Budva"]
[Date "2023.11.14"]
[Round "4.4"]
[White "Yuffa, Daniil"]
[Black "Ioannidis, Evgenios"]
[Result "0-1"]
[WhiteElo "2600"]
[BlackElo "2502"]
[PlyCount "137"]
[EventDate "2023.11.11"]
[EventType "team-swiss"]
[EventRounds "9"]
[EventCountry "MNE"]
[SourceTitle "CB47_2023"]
[SourceDate "2023.11.22"]
[SourceVersion "1"]
[SourceVersionDate "2023.11.22"]
[SourceQuality "1"]
[WhiteTeam "Spain"]
[BlackTeam "Greece"]
[WhiteTeamCountry "ESP"]
[BlackTeamCountry "GRE"]

1. d4 Nf6 2. c4 e6 3. Nf3 Bb4+ 4. Nbd2 d5 5. a3 Be7 6. Qc2 b6 7. e4 dxe4 8. Nxe4 Bb7 9. Bd3 Nbd7 10. Be3 Nxe4 11. Bxe4 Bxe4 12. Qxe4 0-0 13. Qc6 Nf6 14. Ne5 Bd6 15. 0-0-0 Qe8 16. h3 a6 17. g4 Qxc6 18. Nxc6 Rfe8 19. a4 Nd7 20. a5 bxa5 21. Nxa5 Bb4 22. Nc6 Bf8 23. Na5 Bb4 24. Bd2 Rab8 25. Kc2 Bxd2 26. Rxd2 h5 27. Kc3 e5 28. dxe5 Nxe5 29. gxh5 Nf3 30. Rd3 Ng5 31. f3 Re2 32. b3 Rb6 33. Rhd1 Rf6 34. Nb7 Ne6 35. Kb4 Kh7 36. Ka3 Rh2 37. Nd8 Nxd8 38. Rxd8 Rxf3 39. R1d3 Rhxh3 40. Rxf3 Rxf3 41. Kb4 a5+ 42. Ka4 Kh6 43. Rh8+ Kg5 44. Rg8 Rf5 45. Rxg7+ Kxh5 46. Rg8 Rc5 47. Rf8 Kg6 48. Rg8+ Kh6 49. Ka3 f5 50. Kb2 Re5 51. Kc3 c5 52. Kd3 f4 53. Rg4 Re3+ 54. Kd2 Re4 55. Rg1 Kh5 56. Rh1+ Kg4 57. Rg1+ Kf5 58. Rg8 f3 59. Rf8+ Kg4 60. Kd3 Re5 61. Rg8+ Kh3 62. Rf8 Kg2 63. Rg8+ Kf1 64. Kd2 f2 65. Rg7 Re4 66. Rf7 Kg2 67. Rg7+ Kf3 68. Rf7+ Rf4 69. Kd3 0-1

[Event "EU-chT 24th"]
[Site "Budva"]
[Date "2023.11.11"]
[Round "1.7"]
[White "Klabis, Rokas"]
[Black "Yuffa, Daniil"]
[Result "0-1"]
[WhiteElo "2412"]
[BlackElo "2600"]
[PlyCount "90"]
[EventDate "2023.11.11"]
[EventType "team-swiss"]
[EventRounds "9"]
[EventCountry "MNE"]
[SourceTitle "CB47_2023"]
[SourceDate "2023.11.22"]
[SourceVersion "1"]
[SourceVersionDate "2023.11.22"]
[SourceQuality "1"]
[WhiteTeam "Lithuania"]
[BlackTeam "Spain"]
[WhiteTeamCountry "LTU"]
[BlackTeamCountry "ESP"]

1. e4 c5 2. Nf3 Nc6 3. Bb5 g6 4. Bxc6 bxc6 5. 0-0 Bg7 6. Re1 Nh6 7. h3 0-0 8. c3 f5 9. e5 Nf7 10. d4 cxd4 11. cxd4 Bb7 12. Na3 Rc8 13. Be3 e6 14. Nc4 f4 15. Bxf4 c5 16. Nfd2 cxd4 17. Rc1 Nh6 18. Bg3 Nf5 19. Ne4 Nxg3 20. fxg3 Bd5 21. Ned6 Rc6 22. Qd2 Qb8 23. b3 Bxe5 24. Rxe5 Bxc4 25. Nxc4 Rxc4 26. Rxc4 Qxe5 27. Rxd4 d5 28. Kh2 Rf1 29. Qb4 g5 30. h4 Qe1 31. Qxe1 Rxe1 32. hxg5 Kf7 33. Kh3 Kg6 34. Kh4 Rh1+ 35. Kg4 Rh5 36. Kf3 Rxg5 37. g4 Kf6 38. Rf4+ Ke5 39. Rf7 Kd4 40. Rxa7 e5 41. a4 e4+ 42. Kf4 Re5 43. Rxh7 e3 44. Rh1 e2 45. Re1 Re8 0-1

[Event "ESP-ch 88th"]
[Site "Marbella"]
[Date "2023.10.20"]
[Round "8"]
[White "Yuffa, Daniil"]
[Black "Garcia Ramos, Daniel"]
[Result "1-0"]
[WhiteElo "2606"]
[BlackElo "2455"]
[PlyCount "63"]
[EventDate "2023.10.13"]
[EventType "swiss"]
[EventRounds "9"]
[EventCountry "ESP"]
[SourceTitle "Mega2024 Update 01"]
[Source "Chessbase"]
[SourceDate "2023.11.12"]
[SourceVersion "1"]
[SourceVersionDate "2023.11.12"]
[SourceQuality "1"]

1. c4 e6 2. g3 Nf6 3. Bg2 d5 4. Nf3 dxc4 5. Qa4+ Nbd7 6. Qxc4 c5 7. d3 Bd6 8. a4 0-0 9. 0-0 a6 10. a5 Bc7 11. Qa4 Rb8 12. Nbd2 h6 13. Nc4 Qe7 14. Qa3 Rd8 15. Bd2 e5 16. e4 Ne8 17. Be3 b5 18. axb6 Bxb6 19. Nfxe5 Nxe5 20. Nxe5 Qxe5 21. Bf4 Qd4 22. Bxb8 g5 23. Qc3 Qxd3 24. Qxd3 Rxd3 25. Rfd1 Rb3 26. Be5 a5 27. Bc3 Be6 28. Bf1 Nc7 29. Rd8+ Kh7 30. Rh8+ Kg6 31. Rg8+ Kh5 32. Be2+ 1-0

[Event "ESP-chT CECLUB Honor"]
[Site "Linares"]
[Date "2023.09.17"]
[Round "2.2"]
[White "Yuffa, Daniil"]
[Black "Fier, Alexandr"]
[Result "1/2-1/2"]
[WhiteElo "2597"]
[BlackElo "2592"]
[PlyCount "70"]
[EventDate "2023.09.16"]
[EventType "team-tourn"]
[EventRounds "7"]
[EventCountry "ESP"]
[SourceTitle "EXT 2024"]
[Source "ChessBase"]
[SourceDate "2023.10.10"]
[SourceVersion "1"]
[SourceVersionDate "2023.10.10"]
[SourceQuality "1"]
[WhiteTeam "Silla Integrant"]
[BlackTeam "Casablanca MyInvestor"]
[WhiteTeamCountry "ESP"]
[BlackTeamCountry "ESP"]

1. d4 Nf6 2. c4 e6 3. g3 d5 4. Bg2 Be7 5. Nf3 0-0 6. 0-0 dxc4 7. Qc2 b5 8. a4 Bb7 9. axb5 a6 10. Nc3 axb5 11. Rxa8 Bxa8 12. Nxb5 Bd5 13. Rd1 Na6 14. Qa4 Qa8 15. Nc3 Nb4 16. Qxa8 Rxa8 17. Ne5 Ra1 18. Bg5 Rxd1+ 19. Nxd1 h6 20. Bxf6 Bxf6 21. f4 Nc2 22. e3 Bxe5 23. dxe5 Ne1 24. Bf1 Nf3+ 25. Kf2 Nxh2 26. Be2 Be4 27. Bxc4 Ng4+ 28. Ke2 h5 29. Nc3 Bg2 30. Nb5 g5 31. fxg5 c6 32. Nd6 Nxe5 33. Bb3 Kf8 34. Bc2 Ke7 35. Nb7 Bf3+ 1/2-1/2

[Event "Biel HTO 56th"]
[Site "Biel"]
[Date "2023.07.25"]
[Round "8"]
[White "Yuffa, Daniil"]
[Black "Harikrishnan, A Ra"]
[Result "0-1"]
[WhiteElo "2603"]
[BlackElo "2406"]
[PlyCount "114"]
[EventDate "2023.07.17"]
[EventType "swiss"]
[EventRounds "10"]
[EventCountry "SUI"]
[SourceTitle "CBM 215 Extra"]
[Source "ChessBase"]
[SourceDate "2023.09.30"]
[SourceVersion "1"]
[SourceVersionDate "2023.09.30"]
[SourceQuality "1"]

1. c4 c6 2. d4 d5 3. Nf3 Nf6 4. Nc3 dxc4 5. a4 Bf5 6. Ne5 Nbd7 7. Nxc4 Qc7 8. g3 e5 9. dxe5 Nxe5 10. Bf4 Nfd7 11. Bg2 g5 12. Ne3 gxf4 13. Nxf5 fxg3 14. hxg3 0-0-0 15. Qc2 Kb8 16. 0-0-0 a5 17. Ne4 Bb4 18. f4 Ng4 19. Bf3 Ndf6 20. Nxf6 Nxf6 21. e4 Nd7 22. e5 Nc5 23. Kb1 Ne6 24. Bh5 Nc5 25. Nh6 Rdf8 26. Ng4 Rhg8 27. Rhg1 Rd8 28. Ka2 Qc8 29. Nf6 Rxd1 30. Bxd1 Qe6+ 31. Kb1 Rd8 32. Bg4 Qe7 33. Rd1 h6 34. Bf5 Qc7 35. Kc1 Qb6 36. Bg4 Ka7 37. Bh5 Rxd1+ 38. Bxd1 Be1 39. Qc4 Bxg3 40. Nh5 Bf2 41. Kb1 Qd8 42. Qe2 Qd4 43. Bc2 Be3 44. Qe1 Bd2 45. Qg3 Na6 46. f5 Nb4 47. Qg2 Bg5 48. Qe2 Qd5 49. b3 Qd4 50. e6 fxe6 51. fxe6 Nd5 52. Qd3 Nc3+ 53. Ka1 Qg1+ 54. Bb1 Qc5 55. Kb2 Nb5 56. Ka1 Qe5+ 57. Ka2 Nc3+ 0-1